[Event "23. Torneo San Viator"]
[Site "Madrid ESP"]
[Date "2014.11.16"]
[Round "8.45"]
[White "Hidalgo Prado, David"]
[Black "Del Rio Perezagua, Mario"]
[Result "1-0"]
[WhiteElo "1449"]
[BlackElo "1348"]
[PlyCount "129"]
[EventDate "2014.09.28"]
[EventType "swiss"]
[EventRounds "9"]
[EventCountry "ESP"]
[SourceTitle "Ajedrez en Madrid"]
[Source "lmi"]
[SourceDate "2014.09.28"]
[SourceVersion "1"]
[SourceVersionDate "2014.12.18"]
[SourceQuality "1"]

1. e4 e5 2. Nf3 Nc6 3. Bb5 a6 4. Ba4 Nf6 5. Qe2 b5 6. Bb3 Be7 7. c3 O-O 8. d4
d6 9. Bg5 Bg4 10. Nbd2 exd4 11. Bxf6 Bxf6 12. Bd5 dxc3 13. Bxc6 cxd2+ 14. Qxd2
Rb8 15. Nd4 Rb6 16. Rc1 Bg5 17. f4 Bh4+ 18. g3 Bf6 19. Nb3 Qe7 20. O-O Bh3 21.
Rfe1 Qe6 22. f5 Qe5 23. Rc2 Qe7 24. Qe2 Qe5 25. Qh5 Bxf5 26. Qxf5 Qe7 27. Ree2
Rd8 28. Na5 Bd4+ 29. Kg2 Bc5 30. Bd5 Rf8 31. Nc6 Qe8 32. b4 Rxc6 33. bxc5 Rxc5
34. Rxc5 dxc5 35. Rc2 Qe7 36. Rxc5 g6 37. Qf2 Rb8 38. Qc2 Qd6 39. Rxc7 Rf8 40.
Rc6 Qa3 41. Qb3 Qa5 42. Rf6 Kg7 43. Qf3 Qd2+ 44. Qf2 Qxf2+ 45. Rxf2 f5 46. e5
Re8 47. Re2 Kf8 48. Bc6 Re6 49. Bd7 Re7 50. e6 Kg7 51. Re5 Kf6 52. Rc5 Kg7 53.
Kf3 Kf6 54. h4 Rg7 55. Rc6 Rg8 56. Rxa6 Rb8 57. a3 Ke7 58. Rc6 Ra8 59. Rc3 Kd8
60. Rb3 Ke7 61. Kf4 h6 62. Ke5 Ra5 63. Bxb5 h5 64. a4 Ra7 65. Rd3 1-0

[Event "23. Torneo San Viator"]
[Site "Madrid ESP"]
[Date "2014.11.16"]
[Round "8.46"]
[White "Enriquez Pastor, Jorge"]
[Black "Del Noval Nemeshazi, Mario"]
[Result "1-0"]
[WhiteElo "1445"]
[BlackElo "1309"]
[PlyCount "43"]
[EventDate "2014.09.28"]
[EventType "swiss"]
[EventRounds "9"]
[EventCountry "ESP"]
[SourceTitle "Ajedrez en Madrid"]
[Source "lmi"]
[SourceDate "2014.09.28"]
[SourceVersion "1"]
[SourceVersionDate "2014.12.18"]
[SourceQuality "1"]

1. e4 e6 2. d4 d5 3. e5 c5 4. Nf3 Nc6 5. Bb5 Qb6 6. Bxc6+ Qxc6 7. O-O Ne7 8. c3
Nf5 9. Re1 Qb6 10. Nbd2 cxd4 11. Nxd4 Nxd4 12. Qa4+ Nc6 13. Nf3 Bc5 14. Re2 O-O
15. Qg4 Rd8 16. Bh6 g6 17. Bg5 Be7 18. Bf6 Bxf6 19. exf6 h6 20. Qh4 Kh7 21.
Ng5+ Kg8 22. Qxh6 1-0

[Event "23. Torneo San Viator"]
[Site "Madrid ESP"]
[Date "2014.11.16"]
[Round "8.47"]
[White "Fernandez Santos, Nicolas"]
[Black "Olias Ruiz, Enrique"]
[Result "0-1"]
[WhiteElo "1430"]
[BlackElo "1212"]
[PlyCount "40"]
[EventDate "2014.09.28"]
[EventType "swiss"]
[EventRounds "9"]
[EventCountry "ESP"]
[SourceTitle "Ajedrez en Madrid"]
[Source "lmi"]
[SourceDate "2014.09.28"]
[SourceVersion "1"]
[SourceVersionDate "2014.12.18"]
[SourceQuality "1"]

1. c4 d5 2. cxd5 Qxd5 3. Nc3 Qc6 4. d4 Bf5 5. d5 Qb6 6. e4 Bd7 7. Nf3 g6 8. Bc4
Qb4 9. Rb1 Ba4 10. Qd3 Bd7 11. Bd2 a6 12. a3 Qd6 13. b4 b5 14. Bb3 Bg7 15. O-O
e6 16. dxe6 Qxd3 17. exf7+ Kf8 18. fxg8=Q+ Rxg8 19. Bxg8 Bxc3 20. Bxc3 Qxc3 0-1

[Event "23. Torneo San Viator"]
[Site "Madrid ESP"]
[Date "2014.11.16"]
[Round "8.48"]
[White "Lianes Garcia, Alicia"]
[Black "Cortijo Manso, Luis"]
[Result "0-1"]
[WhiteElo "1346"]
[BlackElo "1546"]
[PlyCount "94"]
[EventDate "2014.09.28"]
[EventType "swiss"]
[EventRounds "9"]
[EventCountry "ESP"]
[SourceTitle "Ajedrez en Madrid"]
[Source "lmi"]
[SourceDate "2014.09.28"]
[SourceVersion "1"]
[SourceVersionDate "2014.12.18"]
[SourceQuality "1"]

1. e4 e6 2. d4 d5 3. exd5 exd5 4. Nf3 Bd6 5. Nc3 Ne7 6. Bd3 c6 7. O-O O-O 8.
Bd2 Bf5 9. Be3 Bxd3 10. Qxd3 Ng6 11. Rfe1 Nd7 12. Re2 Bf4 13. Rae1 Nf6 14. g3
Bxe3 15. Rxe3 Qd7 16. Ne5 Nxe5 17. Rxe5 Rae8 18. Rxe8 Rxe8 19. Rxe8+ Qxe8 20.
Qe2 Kf8 21. Kf1 Qxe2+ 22. Kxe2 Ke7 23. Ke3 Ng4+ 24. Ke2 Nxh2 25. f3 g5 26. Kf2
g4 27. fxg4 Nxg4+ 28. Kf3 f5 29. Kf4 Kf6 30. Nd1 h5 31. Ne3 Nxe3 32. Kxe3 Kg5
33. Kf3 b6 34. a3 c5 35. c3 cxd4 36. cxd4 f4 37. gxf4+ Kf5 38. b3 h4 39. a4 a5
40. Kg2 Kxf4 41. Kh3 Ke4 42. Kxh4 Kxd4 43. Kg4 Ke3 44. Kg3 d4 45. Kg2 Ke2 46.
Kg3 d3 47. Kf4 d2 0-1

[Event "23. Torneo San Viator"]
[Site "Madrid ESP"]
[Date "2014.11.16"]
[Round "8.49"]
[White "Brasa Olmos, Joaquin"]
[Black "Jimenez Sanchez, Juan Daniel"]
[Result "1-0"]
[WhiteElo "1527"]
[BlackElo "1367"]
[PlyCount "51"]
[EventDate "2014.09.28"]
[EventType "swiss"]
[EventRounds "9"]
[EventCountry "ESP"]
[SourceTitle "Ajedrez en Madrid"]
[Source "lmi"]
[SourceDate "2014.09.28"]
[SourceVersion "1"]
[SourceVersionDate "2014.12.18"]
[SourceQuality "1"]

1. e4 c6 2. d4 d5 3. e5 Bf5 4. Bd3 Bxd3 5. Qxd3 e6 6. Nf3 Qb6 7. a3 Qa6 8. Qd1
Nd7 9. b4 b6 10. Bb2 c5 11. c3 Rc8 12. Nbd2 Qd3 13. Qa4 cxb4 14. axb4 a6 15.
Qxa6 Qxa6 16. Rxa6 Ne7 17. Ke2 Nf5 18. Rha1 Ke7 19. g4 Nh6 20. h3 f6 21. g5
fxg5 22. Nxg5 Nf5 23. Ra7 h6 24. Ngf3 g5 25. R1a6 Rb8 26. c4 1-0

[Event "23. Torneo San Viator"]
[Site "Madrid ESP"]
[Date "2014.11.16"]
[Round "8.50"]
[White "Del Noval Perez, Jeronimo"]
[Black "Perez Perez, Marta"]
[Result "1-0"]
[WhiteElo "1448"]
[BlackElo "1364"]
[PlyCount "99"]
[EventDate "2014.09.28"]
[EventType "swiss"]
[EventRounds "9"]
[EventCountry "ESP"]
[SourceTitle "Ajedrez en Madrid"]
[Source "lmi"]
[SourceDate "2014.09.28"]
[SourceVersion "1"]
[SourceVersionDate "2014.12.18"]
[SourceQuality "1"]

1. e4 e5 2. Nf3 Nc6 3. Bb5 a6 4. Ba4 Nf6 5. O-O b5 6. Bb3 Bc5 7. Re1 d6 8. c3
O-O 9. d4 Bb6 10. h3 h6 11. Be3 Bb7 12. Nbd2 Re8 13. d5 Ne7 14. Nh4 c6 15. c4
bxc4 16. Bxb6 Qxb6 17. Nxc4 Qd8 18. dxc6 Bxc6 19. Nxd6 Rf8 20. Nxf7 Rxf7 21.
Bxf7+ Kxf7 22. Qxd8 Rxd8 23. f3 Rd2 24. b4 Bd7 25. g4 g5 26. Nf5 Nxf5 27. exf5
Rd5 28. Kf2 h5 29. Re2 Bb5 30. Rc2 hxg4 31. hxg4 Nd7 32. a4 Bd3 33. Rc3 Rd4 34.
Ke3 Bc4 35. Rac1 Nb6 36. Kf2 Rd2+ 37. Kg3 Be2 38. Rc7+ Nd7 39. R1c5 Kf6 40.
R5c6+ Kf7 41. Rg6 Rd4 42. Rxg5 Rd2 43. Rh5 Kg7 44. g5 Bd1 45. b5 axb5 46. axb5
Kg8 47. Rh6 Ba4 48. b6 Nxb6 49. Rch7 Kf8 50. Rxb6 1-0

[Event "23. Torneo San Viator"]
[Site "Madrid ESP"]
[Date "2014.11.16"]
[Round "8.51"]
[White "Santos Burkholz, Mario"]
[Black "Sanz Soriano, Ruben"]
[Result "1-0"]
[WhiteElo "1426"]
[BlackElo "1304"]
[PlyCount "73"]
[EventDate "2014.09.28"]
[EventType "swiss"]
[EventRounds "9"]
[EventCountry "ESP"]
[SourceTitle "Ajedrez en Madrid"]
[Source "lmi"]
[SourceDate "2014.09.28"]
[SourceVersion "1"]
[SourceVersionDate "2014.12.18"]
[SourceQuality "1"]

1. e4 e5 2. Nf3 d6 3. Bc4 Nf6 4. d3 Be7 5. O-O Bg4 6. h3 Bh5 7. Nbd2 Nc6 8. c3
O-O 9. Re1 a6 10. Nf1 Re8 11. Ng3 b5 12. Bb3 Na5 13. Bc2 c5 14. Nxh5 Nxh5 15.
Nxe5 dxe5 16. Qxh5 c4 17. Rd1 Bc5 18. dxc4 Qb6 19. Qf3 bxc4 20. b4 cxb3 21.
axb3 Nxb3 22. Rb1 Qa7 23. Bxb3 Rab8 24. Qf5 Rf8 25. Rb2 Ba3 26. Rd7 Qa8 27.
Bxf7+ Kh8 28. Rxb8 Qxb8 29. Bxa3 Qb1+ 30. Kh2 Qb8 31. Bxf8 Qxf8 32. Qxe5 h6 33.
Qe8 Qxe8 34. Bxe8 a5 35. Rd8 Kh7 36. Ra8 Kh8 37. Bg6# 1-0

[Event "23. Torneo San Viator"]
[Site "Madrid ESP"]
[Date "2014.11.23"]
[Round "9.1"]
[White "Renteria, Jorge"]
[Black "Sotoca Aguado, Jose"]
[Result "1-0"]
[WhiteElo "2313"]
[BlackElo "1948"]
[PlyCount "73"]
[EventDate "2014.09.28"]
[EventType "swiss"]
[EventRounds "9"]
[EventCountry "ESP"]
[SourceTitle "Ajedrez en Madrid"]
[Source "lmi"]
[SourceDate "2014.09.28"]
[SourceVersion "1"]
[SourceVersionDate "2014.12.18"]
[SourceQuality "1"]

1. e4 e6 2. d4 d5 3. Nc3 Bb4 4. e5 Ne7 5. a3 Bxc3+ 6. bxc3 c5 7. Qg4 Qc7 8.
Qxg7 Rg8 9. Qxh7 cxd4 10. Ne2 Nbc6 11. f4 dxc3 12. Qd3 Bd7 13. Qxc3 Nf5 14. Rg1
Qb6 15. g4 d4 16. Qd3 Ne3 17. Ra2 O-O-O 18. Rb2 Qa5+ 19. Bd2 Qa4 20. Bxe3 dxe3
21. Qxe3 Qa5+ 22. Qc3 Qxc3+ 23. Nxc3 Nd4 24. Bg2 b6 25. Kf2 Kc7 26. h3 Rh8 27.
Ne4 Bc6 28. Ng5 Be8 29. Rd1 a6 30. c3 Nc6 31. Rxd8 Nxd8 32. Kg3 Rh6 33. h4 f6
34. exf6 Rxf6 35. h5 Rh6 36. Bf3 Bc6 37. Rh2 1-0

[Event "23. Torneo San Viator"]
[Site "Madrid ESP"]
[Date "2014.11.23"]
[Round "9.2"]
[White "Elissalt Cardenas, Hector"]
[Black "Perez Ordonez, Jose Ramon"]
[Result "1-0"]
[WhiteElo "2334"]
[BlackElo "1513"]
[PlyCount "75"]
[EventDate "2014.09.28"]
[EventType "swiss"]
[EventRounds "9"]
[EventCountry "ESP"]
[SourceTitle "Ajedrez en Madrid"]
[Source "lmi"]
[SourceDate "2014.09.28"]
[SourceVersion "1"]
[SourceVersionDate "2014.12.18"]
[SourceQuality "1"]

1. Nf3 d5 2. c4 e6 3. b3 Nf6 4. Bb2 Be7 5. g3 O-O 6. Bg2 b6 7. O-O Bb7 8. e3 c5
9. Qe2 Nbd7 10. Nc3 Re8 11. d3 a6 12. Rac1 Bf8 13. Rfd1 Qc7 14. Qc2 Rac8 15. e4
d4 16. Ne2 e5 17. Nh4 g6 18. Rb1 Bh6 19. Bc1 Bxc1 20. Qxc1 Kg7 21. Qg5 Kh8 22.
Bh3 Ng8 23. f4 Qd8 24. Qxd8 Rcxd8 25. Bxd7 Rxd7 26. Nf3 f6 27. b4 Bc6 28. bxc5
bxc5 29. Rb6 Ba4 30. Rd2 Ra7 31. Rdb2 Ree7 32. g4 Kg7 33. g5 exf4 34. Nxf4 Bd1
35. gxf6+ Nxf6 36. Ng5 Bg4 37. Nge6+ Kf7 38. Nd8+ 1-0

[Event "23. Torneo San Viator"]
[Site "Madrid ESP"]
[Date "2014.11.23"]
[Round "9.3"]
[White "Garcia Ruido, Ricardo"]
[Black "Nunez Miranda, Adrian"]
[Result "0-1"]
[WhiteElo "2063"]
[BlackElo "2120"]
[PlyCount "96"]
[EventDate "2014.09.28"]
[EventType "swiss"]
[EventRounds "9"]
[EventCountry "ESP"]
[SourceTitle "Ajedrez en Madrid"]
[Source "lmi"]
[SourceDate "2014.09.28"]
[SourceVersion "1"]
[SourceVersionDate "2014.12.18"]
[SourceQuality "1"]

1. e4 c5 2. Nf3 Nc6 3. Bb5 g6 4. Bxc6 dxc6 5. h3 Bg7 6. d3 e5 7. Be3 Qe7 8. Nc3
Nf6 9. Qd2 O-O 10. Bh6 Rd8 11. Bxg7 Kxg7 12. Qg5 Re8 13. O-O-O b5 14. g4 Qe6
15. Kb1 a5 16. Nh4 h6 17. Qe3 Nd7 18. f4 exf4 19. Qxf4 Qe5 20. Qf2 b4 21. Rhf1
Qf6 22. Qe1 Qe7 23. Ne2 Kh7 24. Qf2 Ne5 25. Nf3 Nxf3 26. Qxf3 Ra7 27. h4 Qxh4
28. Rh1 Qg5 29. Qg3 Kg7 30. Nf4 a4 31. Nh3 Qe5 32. Qf2 Rd8 33. Nf4 a3 34. d4
Rxd4 35. Nd3 Qg5 36. Nxc5 Rxd1+ 37. Rxd1 Qf6 38. Qxf6+ Kxf6 39. Rd6+ Ke5 40.
Rxc6 Bxg4 41. Nd3+ Kd4 42. Nxb4 h5 43. Rf6 Kxe4 44. bxa3 h4 45. Nd3 Bf5 46. Rb6
h3 47. Rb4+ Kf3 48. Ne5+ Kg2 0-1

[Event "23. Torneo San Viator"]
[Site "Madrid ESP"]
[Date "2014.11.23"]
[Round "9.4"]
[White "Garcia-Ruiz Fuentes, Angel M"]
[Black "Garcia Martin, Esteban"]
[Result "1-0"]
[WhiteElo "2062"]
[BlackElo "1917"]
[PlyCount "75"]
[EventDate "2014.09.28"]
[EventType "swiss"]
[EventRounds "9"]
[EventCountry "ESP"]
[SourceTitle "Ajedrez en Madrid"]
[Source "lmi"]
[SourceDate "2014.09.28"]
[SourceVersion "1"]
[SourceVersionDate "2014.12.18"]
[SourceQuality "1"]

1. e4 e5 2. Bc4 Nc6 3. Nc3 Bc5 4. Qg4 d5 5. Qxg7 dxc4 6. Qxh8 Kf8 7. Nf3 Bg4 8.
d4 cxd3 9. Bh6+ Ke7 10. Nd5+ Kd7 11. Qxh7 Nxh6 12. Qxh6 dxc2 13. Nf6+ Kc8 14.
Nxg4 Bb4+ 15. Ke2 a5 16. a3 Ra6 17. Qc1 f5 18. Ngxe5 fxe4 19. Qxc2 exf3+ 20.
Nxf3 Qe7+ 21. Kf1 Bd6 22. Re1 Qf7 23. Qe4 Rb6 24. Re2 Kb8 25. g3 Qf6 26. h4 Rb3
27. Kg2 Rxb2 28. Rxb2 Qxb2 29. h5 Bc5 30. Rf1 Bxa3 31. h6 Qh8 32. h7 Bb2 33.
Re1 Ka7 34. Ng5 Ne5 35. Rb1 Nc6 36. Nf7 Qd4 37. Qf3 Qf6 38. Rxb2 1-0

[Event "23. Torneo San Viator"]
[Site "Madrid ESP"]
[Date "2014.11.23"]
[Round "9.5"]
[White "Garcia Sanjuan, Jose"]
[Black "Cabanas Bravo, Juan Andres"]
[Result "0-1"]
[WhiteElo "1895"]
[BlackElo "2058"]
[PlyCount "124"]
[EventDate "2014.09.28"]
[EventType "swiss"]
[EventRounds "9"]
[EventCountry "ESP"]
[SourceTitle "Ajedrez en Madrid"]
[Source "lmi"]
[SourceDate "2014.09.28"]
[SourceVersion "1"]
[SourceVersionDate "2014.12.18"]
[SourceQuality "1"]

1. b3 e5 2. Bb2 Nc6 3. e3 d5 4. Nf3 e4 5. Nd4 Ne5 6. Ne2 Qf6 7. Bxe5 Qxe5 8.
Nbc3 Nf6 9. h3 a6 10. Ng3 Bb4 11. Nce2 h5 12. c3 Bd6 13. Nd4 c5 14. Nc2 h4 15.
Ne2 Bf5 16. b4 Nd7 17. bxc5 Nxc5 18. Ned4 Bd7 19. Nb3 Na4 20. Ncd4 Nb2 21. Qc2
Nc4 22. Bxc4 dxc4 23. Nc1 Rh6 24. Nce2 Ba3 25. f3 exf3 26. Nxf3 Qe7 27. Nf4
O-O-O 28. Nd4 Qe5 29. Rf1 g5 30. Nfe2 Rb6 31. Rb1 Ba4 32. Qh7 Rh8 33. Qxh8+
Qxh8 34. Rxb6 Qh7 35. Nf5 Bc2 36. Rh6 Qg8 37. Ned4 Bd3 38. Rf2 Kc7 39. Rf6 Kb8
40. Nh6 Qd8 41. Nxf7 Qc7 42. Re6 Qh2 43. Ref6 Qh1+ 44. Rf1 Bxf1 45. Rxf1 Qxg2
46. Ne2 Qd5 47. Nh6 Bd6 48. Ng4 Qg2 49. Nf6 Qxh3 50. Ne4 Be7 51. Nd4 Qg2 52.
Nf2 g4 53. Nf5 Bd8 54. e4 g3 55. Ng4 Qxe4+ 56. Nge3 Bg5 57. Nd6 Qb1+ 58. Nd1
Qd3 59. Rf8+ Kc7 60. Ne8+ Kb8 61. Ne3 Bxe3 62. dxe3 Qxe3+ 0-1

[Event "23. Torneo San Viator"]
[Site "Madrid ESP"]
[Date "2014.11.23"]
[Round "9.7"]
[White "Vazquez Gonzalez, Jesus"]
[Black "Quispe Arteaga, Gabriel"]
[Result "0-1"]
[WhiteElo "2034"]
[BlackElo "1777"]
[PlyCount "194"]
[EventDate "2014.09.28"]
[EventType "swiss"]
[EventRounds "9"]
[EventCountry "ESP"]
[SourceTitle "Ajedrez en Madrid"]
[Source "lmi"]
[SourceDate "2014.09.28"]
[SourceVersion "1"]
[SourceVersionDate "2014.12.18"]
[SourceQuality "1"]

1. e4 c5 2. a3 a6 3. b4 e6 4. Bb2 d6 5. bxc5 dxc5 6. Nc3 Nc6 7. Nf3 Nf6 8. e5
Nd5 9. Ne4 Be7 10. h4 Bd7 11. c4 Nb6 12. Rb1 Na5 13. d3 Na4 14. Ba1 b5 15. Nfg5
h6 16. Nh3 bxc4 17. dxc4 Rb8 18. Nf4 Rxb1 19. Qxb1 Qb6 20. Qd1 Qb3 21. Rh3
Qxd1+ 22. Kxd1 Nb6 23. Nd6+ Bxd6 24. exd6 e5 25. Re3 Nbxc4 26. Bxc4 Nxc4 27.
Re4 Nxd6 28. Rxe5+ Kd8 29. Rxc5 Rg8 30. Be5 Ke7 31. Nd5+ Ke6 32. Nc7+ Ke7 33.
Nxa6 Ra8 34. Nb4 Rxa3 35. Bxg7 Nf5 36. Bb2 Rb3 37. Bc3 Kd6 38. Nd3 Nxh4 39. Kc2
Rb7 40. g3 Nf5 41. g4 Nh4 42. Rh5 Ng6 43. f3 Bc6 44. f4 Be4 45. Rxh6 Ke7 46.
Kd2 Rd7 47. Bb4+ Kd8 48. Ba5+ Kc8 49. Ke3 Bxd3 50. f5 Ne5 51. Kf4 Nc4 52. Bc3
Kb7 53. Rh7 Nb6 54. Bb2 Nd5+ 55. Kf3 Kc6 56. Rg7 Kb5 57. Kg3 Ne3 58. Kf4 Nc4
59. Bf6 Nd6 60. Bh4 Kc5 61. Ke5 Ne4 62. Rg8 Rc7 63. Re8 Kc6 64. Re7 Rxe7+ 65.
Bxe7 Kd7 66. Bh4 Nd6 67. Kf6 Ke8 68. Kg7 Bxf5 69. Bg3 Ne4 70. Be1 Bxg4 71. Bb4
f5 72. Kg6 Kd7 73. Be1 Ke6 74. Bh4 f4 75. Be1 Kd5 76. Bh4 f3 77. Be1 f2 78.
Bxf2 Nxf2 79. Kg5 Ke5 80. Kh4 Kf5 81. Kg3 Ne4+ 82. Kh4 Nd6 83. Kg3 Kg5 84. Kf2
Kf4 85. Ke1 Ne4 86. Kf1 Kf3 87. Ke1 Ke3 88. Kf1 Bf3 89. Ke1 Nc5 90. Kf1 Nd3 91.
Kg1 Nf4 92. Kf1 Be2+ 93. Kg1 Kf3 94. Kh2 Bf1 95. Kg1 Bh3 96. Kh2 Kf2 97. Kh1
Kg3 0-1

[Event "23. Torneo San Viator"]
[Site "Madrid ESP"]
[Date "2014.11.23"]
[Round "9.9"]
[White "Lopez Benitez, David"]
[Black "Garcia Galeote, Lorenzo"]
[Result "0-1"]
[WhiteElo "1709"]
[BlackElo "1950"]
[PlyCount "146"]
[EventDate "2014.09.28"]
[EventType "swiss"]
[EventRounds "9"]
[EventCountry "ESP"]
[SourceTitle "Ajedrez en Madrid"]
[Source "lmi"]
[SourceDate "2014.09.28"]
[SourceVersion "1"]
[SourceVersionDate "2014.12.18"]
[SourceQuality "1"]

1. Nf3 d5 2. g3 c5 3. Bg2 Nc6 4. O-O e5 5. d3 Nge7 6. c4 d4 7. Nbd2 Ng6 8. a3
a5 9. Rb1 h6 10. h4 Bd6 11. Ne4 Bf5 12. Qb3 Nge7 13. Qb5 b6 14. Ne1 O-O 15. f4
a4 16. b4 cxb4 17. axb4 exf4 18. Nxd6 Qxd6 19. Bxf4 Qd7 20. Nf3 Bh3 21. Ne5
Nxe5 22. Qxd7 Nxd7 23. Bxh3 Ra7 24. Bd6 Re8 25. Ra1 Nc8 26. Bf4 Rxe2 27. Rfe1
Rxe1+ 28. Rxe1 a3 29. Ra1 Ne7 30. Bxd7 Rxd7 31. Rxa3 Nc6 32. b5 Nb4 33. Ra1
Nxd3 34. Rd1 Nb2 35. Rc1 d3 36. Bd2 Rc7 37. Kf2 Rxc4 38. Ke3 Rc2 39. Rxc2 dxc2
40. Bc1 Nc4+ 41. Kd3 Nd6 42. Kxc2 Nxb5 43. Be3 f5 44. Bxb6 Nd6 45. Bc7 Ne8 46.
Be5 Kf7 47. Kd3 Ke6 48. Bf4 Nf6 49. Ke2 Kd5 50. Kd3 Ne4 51. Ke3 Nc5 52. Kf3 Ne6
53. Be3 g5 54. Bf2 Nd4+ 55. Ke3 Ke5 56. Bg1 f4+ 57. Kf2 fxg3+ 58. Kxg3 Nf5+ 59.
Kg4 Nxh4 60. Kg3 Nf5+ 61. Kg4 Kf6 62. Bb6 Kg6 63. Bf2 h5+ 64. Kh3 g4+ 65. Kh2
h4 66. Kg2 Kg5 67. Bg1 Kf4 68. Bf2 g3 69. Bb6 Kg4 70. Bc7 h3+ 71. Kg1 Nd4 72.
Bb6 Nf3+ 73. Kf1 g2+ 0-1

[Event "23. Torneo San Viator"]
[Site "Madrid ESP"]
[Date "2014.11.23"]
[Round "9.10"]
[White "Ore Leon, Gustavo"]
[Black "Gil Sierra, Jacinto"]
[Result "0-1"]
[WhiteElo "1785"]
[BlackElo "1986"]
[PlyCount "76"]
[EventDate "2014.09.28"]
[EventType "swiss"]
[EventRounds "9"]
[EventCountry "ESP"]
[SourceTitle "Ajedrez en Madrid"]
[Source "lmi"]
[SourceDate "2014.09.28"]
[SourceVersion "1"]
[SourceVersionDate "2014.12.18"]
[SourceQuality "1"]

1. e4 c5 2. Nf3 Nc6 3. d4 cxd4 4. Nxd4 Nf6 5. Nc3 d6 6. Bc4 e6 7. Be3 a6 8. Qe2
Qc7 9. Bb3 Be7 10. O-O-O b5 11. Nxc6 Qxc6 12. g4 Bb7 13. g5 Nd7 14. f4 Nc5 15.
Bxc5 dxc5 16. a3 O-O 17. Rhe1 Rfd8 18. Bd5 Qc7 19. Bxb7 Qxb7 20. h4 b4 21. axb4
cxb4 22. Nb1 Qc7 23. Rf1 Rac8 24. Rxd8+ Bxd8 25. Rf3 Be7 26. f5 Bd6 27. Qf2 Qc4
28. fxe6 fxe6 29. Qg2 Be5 30. c3 bxc3 31. Nxc3 a5 32. Qc2 Qd4 33. Kb1 Qg1+ 34.
Ka2 Qg4 35. Qd3 Bxc3 36. bxc3 Qg2+ 37. Ka3 Rb8 38. c4 Qb2+ 0-1

[Event "23. Torneo San Viator"]
[Site "Madrid ESP"]
[Date "2014.11.23"]
[Round "9.11"]
[White "Cuellar Gutierrez, Raul"]
[Black "Lopez Ziegler, Carlos"]
[Result "0-1"]
[WhiteElo "1690"]
[BlackElo "1954"]
[PlyCount "84"]
[EventDate "2014.09.28"]
[EventType "swiss"]
[EventRounds "9"]
[EventCountry "ESP"]
[SourceTitle "Ajedrez en Madrid"]
[Source "lmi"]
[SourceDate "2014.09.28"]
[SourceVersion "1"]
[SourceVersionDate "2014.12.18"]
[SourceQuality "1"]

1. c4 c5 2. Nc3 Nc6 3. e3 e5 4. Nf3 Nf6 5. d4 cxd4 6. exd4 e4 7. Ne5 Bb4 8. Be2
Qa5 9. Nxc6 dxc6 10. Bd2 O-O 11. O-O Re8 12. a3 Bxc3 13. Bxc3 Qg5 14. Bd2 Qg6
15. Kh1 h5 16. Bf4 Bg4 17. h3 Be6 18. Be5 Rad8 19. b3 Bxh3 20. gxh3 Rxe5 21.
dxe5 Rxd1 22. Raxd1 Ne8 23. Rd8 Qe6 24. Rfd1 Kh7 25. Kg2 Qxe5 26. R1d7 e3 27.
Bd3+ Kh6 28. fxe3 Qxe3 29. h4 Qe6 30. Rd6 Qxd6 31. Rxd6+ Nxd6 32. Kf3 g5 33.
Kg3 f5 34. b4 b6 35. a4 Kg6 36. Kh3 Kf6 37. Kg3 Ne4+ 38. Kf3 gxh4 39. Bxe4
fxe4+ 40. Kxe4 h3 41. Kf3 h4 42. a5 b5 0-1

[Event "23. Torneo San Viator"]
[Site "Madrid ESP"]
[Date "2014.11.23"]
[Round "9.13"]
[White "Padin Lazaro, Jose Manuel"]
[Black "Munoz Cebey, Ricardo"]
[Result "1-0"]
[WhiteElo "1922"]
[BlackElo "1779"]
[PlyCount "143"]
[EventDate "2014.09.28"]
[EventType "swiss"]
[EventRounds "9"]
[EventCountry "ESP"]
[SourceTitle "Ajedrez en Madrid"]
[Source "lmi"]
[SourceDate "2014.09.28"]
[SourceVersion "1"]
[SourceVersionDate "2014.12.18"]
[SourceQuality "1"]

1. e4 c6 2. d4 d5 3. Nc3 dxe4 4. Nxe4 Nd7 5. Ng5 Ngf6 6. Bd3 e6 7. N1f3 Bd6 8.
Qe2 h6 9. Ne4 Nxe4 10. Qxe4 Qc7 11. Qg4 Kf8 12. O-O c5 13. c3 b6 14. Re1 Bb7
15. h4 c4 16. Bc2 b5 17. Nd2 Bd5 18. Qh3 Nf6 19. Ne4 Nxe4 20. Bxe4 Bxe4 21.
Rxe4 Kg8 22. Qf3 Kh7 23. Bf4 Bxf4 24. Rxf4 Rhf8 25. Re1 Kg8 26. Re5 Rab8 27.
Rg4 Kh8 28. Rh5 f5 29. Rg6 Rbe8 30. Qe3 f4 31. Qe5 Qxe5 32. Rxe5 Rf6 33. Rxf6
gxf6 34. Rxb5 e5 35. dxe5 fxe5 36. Rc5 Rb8 37. Rxc4 Rxb2 38. Ra4 Rc2 39. Rxa7
Rxc3 40. Re7 Rc1+ 41. Kh2 Ra1 42. Rxe5 Rxa2 43. f3 Kg7 44. Re4 Kg6 45. Rxf4 h5
46. Rb4 Rc2 47. Rb5 Ra2 48. Kh3 Ra3 49. Rg5+ Kh6 50. Rf5 Kg6 51. Rf8 Kg7 52.
Rf4 Kg6 53. g4 hxg4+ 54. Kxg4 Ra1 55. h5+ Kg7 56. Kg5 Rg1+ 57. Rg4 Ra1 58. f4
Ra6 59. Rg3 Ra5+ 60. f5 Ra1 61. Re3 Rg1+ 62. Kf4 Kh6 63. f6 Rg8 64. Kf5 Ra8 65.
Re7 Ra5+ 66. Re5 Ra7 67. Ke6 Ra6+ 68. Kf7 Ra8 69. Rd5 Kh7 70. Ke7 Kg8 71. f7+
Kg7 72. h6+ 1-0

[Event "23. Torneo San Viator"]
[Site "Madrid ESP"]
[Date "2014.11.23"]
[Round "9.14"]
[White "Cano Mercado, Francisco Manuel"]
[Black "San Felipe Gonzalez, Tomas"]
[Result "1-0"]
[WhiteElo "1885"]
[BlackElo "1700"]
[PlyCount "114"]
[EventDate "2014.09.28"]
[EventType "swiss"]
[EventRounds "9"]
[EventCountry "ESP"]
[SourceTitle "Ajedrez en Madrid"]
[Source "lmi"]
[SourceDate "2014.09.28"]
[SourceVersion "1"]
[SourceVersionDate "2014.12.18"]
[SourceQuality "1"]

1. d4 d5 2. Nf3 Nf6 3. Bg5 e6 4. e3 a6 5. Nbd2 Nbd7 6. Bd3 c5 7. c3 Be7 8. O-O
O-O 9. Re1 b6 10. Qe2 Bb7 11. Rad1 Ne4 12. Bxe7 Qxe7 13. Ne5 Nxe5 14. dxe5 Nxd2
15. Rxd2 Qg5 16. f4 Qh6 17. Rf1 g6 18. Qg4 f5 19. exf6 Rxf6 20. Rdf2 Raf8 21.
Qe2 b5 22. Rf3 Qg7 23. e4 Qf7 24. g3 Bc8 25. e5 Qa7 26. exf6 c4+ 27. Qe3 Qxe3+
28. Rxe3 cxd3 29. Rxd3 Rxf6 30. Re1 Kf7 31. Rd4 Bb7 32. a4 Bc6 33. axb5 Bxb5
34. b3 Bc6 35. Ra1 e5 36. fxe5 Rf3 37. c4 dxc4 38. bxc4 Rc3 39. Rxa6 Bf3 40.
Rd7+ Ke8 41. Rxh7 Rxc4 42. Rxg6 Kf8 43. Rb6 Kg8 44. Rd7 Rc8 45. Rbd6 Rc2 46.
Re7 Rc8 47. Rdd7 Be4 48. e6 Bf5 49. g4 Be4 50. Rc7 Ra8 51. Red7 Re8 52. e7 Kf7
53. Rd8 Rxe7 54. Rxe7+ Kxe7 55. Rd4 Bg6 56. Rf4 Bf7 57. Rxf7+ Kxf7 1-0

[Event "23. Torneo San Viator"]
[Site "Madrid ESP"]
[Date "2014.11.23"]
[Round "9.15"]
[White "Lianes Garcia, Marcos"]
[Black "Navarro Gonzalez, Jaime"]
[Result "1-0"]
[WhiteElo "1870"]
[BlackElo "1761"]
[PlyCount "74"]
[EventDate "2014.09.28"]
[EventType "swiss"]
[EventRounds "9"]
[EventCountry "ESP"]
[SourceTitle "Ajedrez en Madrid"]
[Source "lmi"]
[SourceDate "2014.09.28"]
[SourceVersion "1"]
[SourceVersionDate "2014.12.18"]
[SourceQuality "1"]

1. e4 c5 2. a3 e6 3. c3 d5 4. exd5 exd5 5. d4 cxd4 6. Qxd4 Nc6 7. Bb5 Bd7 8.
Bxc6 bxc6 9. b4 Nf6 10. Bg5 Be7 11. Nd2 O-O 12. Ngf3 Ng4 13. Bxe7 Qxe7+ 14. Kf1
Rfc8 15. Re1 Qd8 16. Qc5 a5 17. h3 Nf6 18. g3 axb4 19. axb4 Bf5 20. Kg2 Be4 21.
Re3 Ra2 22. Rd1 Bc2 23. Rde1 Be4 24. Qd4 Qe8 25. c4 Qf8 26. c5 Rb8 27. R1e2 Ra4
28. Rb3 Qc8 29. Nxe4 Nxe4 30. Nd2 Ng5 31. Qh4 Ne6 32. Qg4 Qa6 33. Re1 Nxc5 34.
bxc5 Rd8 35. Qf3 Qa5 36. Rb7 Rf8 37. Re8 Qxc5 1-0